[Event "XXXIII Memorial Edoardo Crespi Magistrale"]
[Site "Milano ITA"]
[Date "2012.12.03"]
[Round "3"]
[White "Mundorf, Johannes"]
[Black "Formento, Paolo"]
[WhiteElo "2200"]
[BlackElo "2167"]
[Result "1/2-1/2"]
[PlyCount "73"]
[EventDate "2012.12.01"]

1. Nf3 Nf6 2. g3 g6 3. b3 Bg7 4. Bb2 O-O 5. Bg2 d6 6. d4 c5 7. c4 d5 8. O-O
dxc4 9. bxc4 cxd4 10. Nxd4 Qb6 11. Qc2 Na6 12. Nd2 Nd7 13. e3 e5 14. N4b3 Ndc5
15. Ba3 Bf5 16. e4 Bc8 17. Rfb1 Qc7 18. Nxc5 Nxc5 19. Rb5 Ne6 20. Bxf8 Nd4 21.
Qd3 Bxf8 22. Rb2 Be6 23. Bf1 Rc8 24. Nb3 Qb6 25. Nxd4 Qxb2 26. Nxe6 Qxa1 27.
Qd7 Rc6 28. Ng5 Rf6 29. Qd8 h6 30. Qxf6 hxg5 31. Qxg5 Qxa2 32. h4 Bc5 33. Qf6
Qc2 34. h5 gxh5 35. Qg5+ Kf8 36. Qd8+ Kg7 37. Qg5+ 1/2-1/2

[Event "XXXIII Memorial Edoardo Crespi Magistrale"]
[Site "Milano ITA"]
[Date "2012.12.03"]
[Round "3"]
[White "Novelli, Cristiano"]
[Black "Tonndorf, Matthias"]
[WhiteElo "2051"]
[BlackElo "2234"]
[Result "0-1"]
[PlyCount "58"]
[EventDate "2012.12.01"]

1. e4 c5 2. Nc3 a6 3. g3 b5 4. Bg2 Bb7 5. Nge2 e6 6. d4 cxd4 7. Qxd4 Nc6 8. Qd1
Bc5 9. O-O d6 10. Bf4 Nge7 11. Qd2 Ne5 12. Rad1 Qc7 13. Bxe5 dxe5 14. Qg5 O-O
15. g4 Ng6 16. Qh5 Bc6 17. Rd3 Rfd8 18. Rh3 Nf8 19. Ng3 b4 20. Nd5 exd5 21. Nf5
dxe4 22. Qh4 Rd7 23. g5 Rad8 24. Rg3 Rd1 25. Qh5 Rxf1+ 26. Bxf1 Rd2 27. Nh6+
gxh6 28. gxh6+ Ng6 29. Bc4 Bxf2+ 0-1

[Event "XXXIII Memorial Edoardo Crespi Magistrale"]
[Site "Milano ITA"]
[Date "2012.12.03"]
[Round "3"]
[White "Pancevski, Filip"]
[Black "Welling, Gerard"]
[WhiteElo "2512"]
[BlackElo "2338"]
[Result "1/2-1/2"]
[PlyCount "67"]
[EventDate "2012.12.01"]

1. e4 e6 2. d3 d5 3. Qe2 Nf6 4. Nf3 Be7 5. g3 c5 6. Bg2 Nc6 7. O-O O-O 8. e5
Nd7 9. c4 dxc4 10. dxc4 Nd4 11. Nxd4 cxd4 12. Bf4 Qb6 13. b3 Nc5 14. Nd2 Bd7
15. Nf3 d3 16. Qd2 Bc6 17. Be3 Qc7 18. Bxc5 Bxc5 19. Qxd3 Rad8 20. Qe2 Bxf3 21.
Bxf3 b6 22. Rac1 Rd4 23. Rfd1 Rxd1+ 24. Rxd1 Rd8 25. Rxd8+ Qxd8 26. Kg2 g6 27.
Bc6 Qd4 28. Bb7 a5 29. Bc6 h5 30. h4 Kf8 31. Bb5 Ke7 32. Bc6 Kf8 33. Bf3 Ke7
34. Bc6 1/2-1/2

[Event "XXXIII Memorial Edoardo Crespi Magistrale"]
[Site "Milano ITA"]
[Date "2012.12.03"]
[Round "3"]
[White "Rettore, Ludwig"]
[Black "Friedrichs, Klaus"]
[WhiteElo "2115"]
[BlackElo "2301"]
[Result "1-0"]
[PlyCount "71"]
[EventDate "2012.12.01"]

1. Nf3 f5 2. d4 Nf6 3. g3 e6 4. Bg2 d5 5. O-O Bd6 6. b3 Qe7 7. a4 a5 8. Ba3
Bxa3 9. Nxa3 O-O 10. c3 Nbd7 11. Nc2 Ne4 12. Nce1 b6 13. Rc1 Bb7 14. Nd3 c5 15.
Nfe5 Rac8 16. Nxd7 Qxd7 17. Ne5 Qe7 18. Qd3 Rfd8 19. Rfd1 Nd6 20. Qb1 Rc7 21.
Rd2 Rdc8 22. Rdc2 Ba6 23. Bf3 Ne4 24. Qb2 Qg5 25. c4 cxd4 26. Qxd4 Qf6 27. Qxb6
Qxe5 28. Qxa6 Nc5 29. Qb6 Rb7 30. Qxa5 Nxb3 31. Qa6 Nc5 32. cxd5 Nxa6 33. Rxc8+
Kf7 34. dxe6+ Kf6 35. Bxb7 Nb4 36. Bf3 1-0

[Event "XXXIII Memorial Edoardo Crespi Magistrale"]
[Site "Milano ITA"]
[Date "2012.12.03"]
[Round "3"]
[White "Solodovnichenko, Yuri"]
[Black "Colovic, Aleksandar"]
[WhiteElo "2557"]
[BlackElo "2457"]
[Result "1/2-1/2"]
[PlyCount "42"]
[EventDate "2012.12.01"]

1. e4 c5 2. c3 d5 3. exd5 Qxd5 4. d4 Nc6 5. Nf3 Bg4 6. Be2 cxd4 7. cxd4 e6 8.
Nc3 Bb4 9. O-O Qa5 10. a3 Bxc3 11. bxc3 Nge7 12. Qd2 O-O 13. Rb1 Qc7 14. Qg5
Bf5 15. Bf4 e5 16. Nxe5 Bxb1 17. Nc4 Qd8 18. Rxb1 Nd5 19. Qxd8 Rfxd8 20. Bd2 b6
21. Ne3 Nde7 1/2-1/2

[Event "XXXIII Memorial Edoardo Crespi Magistrale"]
[Site "Milano ITA"]
[Date "2012.12.03"]
[Round "3"]
[White "Stella, Andrea"]
[Black "Rambaldi, Francesco"]
[WhiteElo "2453"]
[BlackElo "2308"]
[Result "1/2-1/2"]
[PlyCount "50"]
[EventDate "2012.12.01"]

1. Nf3 c5 2. c4 Nc6 3. g3 e5 4. Nc3 g6 5. Bg2 Bg7 6. a3 Nge7 7. O-O O-O 8. Rb1
a5 9. Ne1 d6 10. Nc2 Be6 11. Ne3 Rb8 12. Ned5 Bg4 13. h3 Bd7 14. d3 Nxd5 15.
cxd5 Ne7 16. b4 cxb4 17. axb4 Qc8 18. Ne4 Nxd5 19. bxa5 Bxh3 20. Ba3 Bxg2 21.
Kxg2 Ra8 22. Qd2 Qd7 23. Nxd6 Nf4+ 24. gxf4 Qg4+ 25. Kh2 Qh4+ 1/2-1/2

[Event "XXXIII Memorial Edoardo Crespi Magistrale"]
[Site "Milano ITA"]
[Date "2012.12.11"]
[Round "3"]
[White "Tramalloni, Luca"]
[Black "Trella, Thomas"]
[WhiteElo "2087"]
[BlackElo "2404"]
[Result "0-1"]
[PlyCount "150"]
[EventDate "2012.12.01"]

1. e4 e6 2. d4 d5 3. Nc3 Nf6 4. e5 Nfd7 5. f4 c5 6. Nf3 Nc6 7. Be3 Be7 8. Qd2
O-O 9. g3 b6 10. Bg2 f5 11. O-O Ba6 12. Rfd1 Rc8 13. Ne2 Na5 14. b3 Qc7 15. c4
Bb7 16. cxd5 exd5 17. Rac1 c4 18. Qb2 b5 19. b4 Nc6 20. Bd2 Nb6 21. a3 Nd8 22.
Nc3 Bc6 23. Ne1 Ne6 24. Nc2 Ra8 25. Be1 Qd7 26. Ne3 g6 27. Bf3 a6 28. Qg2 Rad8
29. h4 Kh8 30. Qh1 Rf7 31. Rc2 Kg8 32. Rh2 h5 33. Ra2 Bf8 34. Rad2 Qb7 35. Qg2
Qd7 36. Qh1 Be7 37. Qg2 Rff8 38. Qh1 Ba8 39. Qg2 Nc7 40. Rb2 Qe6 41. Rbb1 Bb7
42. Qc2 Bc6 43. Qg2 Rc8 44. Rdc1 Rfd8 45. Qf2 Rd7 46. Qg2 Bd8 47. Qd2 Qf7 48.
Qg2 Qe6 49. Qh1 Ne8 50. Qg2 Bc7 51. Qd2 Bb8 52. Bf2 Nc7 53. Kg2 Ba7 54. Ned1
Qf7 55. Ne2 Ne6 56. Ndc3 Ra8 57. Rb2 Bb8 58. Rcb1 Rda7 59. Qd1 Qd7 60. Be1 Bc7
61. Ra1 Bd8 62. Rbb1 Be7 63. Na2 Bd8 64. Nac3 a5 65. Na2 axb4 66. Bxb4 Na4 67.
Nac3 Bb6 68. Nxa4 Rxa4 69. Qd2 Kg7 70. Bd6 R4a6 71. Qd1 Qa7 72. Nc3 Nxd4 73.
Bxh5 gxh5 74. Qxh5 Qf7 75. Qg5+ Kh7 0-1

[Event "XXXIII Memorial Edoardo Crespi Magistrale"]
[Site "Milano ITA"]
[Date "2012.12.03"]
[Round "3"]
[White "Valsecchi, Alessio"]
[Black "Brunello, Sabino"]
[WhiteElo "2422"]
[BlackElo "2583"]
[Result "1-0"]
[PlyCount "65"]
[EventDate "2012.12.01"]

1. Nf3 d5 2. c4 d4 3. b4 c5 4. g3 Nf6 5. d3 cxb4 6. a3 b3 7. Qxb3 Nc6 8. Bg2 e5
9. O-O Be7 10. Bg5 O-O 11. Nbd2 h6 12. Bxf6 Bxf6 13. Rfb1 g5 14. Ne1 g4 15. Nc2
Bg5 16. Ne4 Be7 17. c5 Na5 18. Qb4 Be6 19. e3 f5 20. Nd6 Bxd6 21. cxd6 Rc8 22.
Rb2 dxe3 23. Nxe3 b6 24. Nd5 Bxd5 25. Bxd5+ Kg7 26. Re1 Rc5 27. Rxe5 Qxd6 28.
Qd4 Rf6 29. Rxf5 h5 30. Rxh5 Nc6 31. Rg5+ Kf8 32. Rg8+ Ke7 33. Re2+ 1-0

[Event "XXXIII Memorial Edoardo Crespi Magistrale"]
[Site "Milano ITA"]
[Date "2012.12.03"]
[Round "3"]
[White "Van Den Bersselaar, Jeroen"]
[Black "Gori, Andrea"]
[WhiteElo "2176"]
[BlackElo "2095"]
[Result "1/2-1/2"]
[PlyCount "89"]
[EventDate "2012.12.01"]

1. d4 Nf6 2. c4 e5 3. dxe5 Ng4 4. Bf4 Nc6 5. Nf3 Bb4+ 6. Nbd2 Qe7 7. e3 Ngxe5
8. Nxe5 Nxe5 9. Be2 O-O 10. O-O Ng6 11. Bg3 Bd6 12. Bxd6 Qxd6 13. Qc2 f5 14. c5
Qf6 15. Nf3 d6 16. cxd6 Qxd6 17. b4 c6 18. b5 Bd7 19. Rfd1 Qe7 20. bxc6 Bxc6
21. Nd4 Qe4 22. Qxe4 Bxe4 23. Bc4+ Kh8 24. f3 Bc6 25. Be6 Ba4 26. Rdb1 b6 27.
Rb4 b5 28. Nxb5 Bxb5 29. Rxb5 Rae8 30. Bxf5 Rxe3 31. Kf2 Ra3 32. Be4 Nf4 33.
Rb3 Ra4 34. a3 Nh3+ 35. Ke3 Ng5 36. Rb4 Ra6 37. Bd5 h6 38. h4 Nh7 39. a4 Rd8
40. Rd1 Nf6 41. Rbd4 Nxd5+ 42. Rxd5 Rxd5 43. Rxd5 Rxa4 44. Rd8+ Kh7 45. h5
1/2-1/2

[Event "XXXIII Memorial Edoardo Crespi Magistrale"]
[Site "Milano ITA"]
[Date "2012.12.03"]
[Round "3"]
[White "Villa, Giorgio"]
[Black "Nannelli, Paolo"]
[WhiteElo "1972"]
[BlackElo "2230"]
[Result "1/2-1/2"]
[PlyCount "55"]
[EventDate "2012.12.01"]

1. d4 d5 2. Nf3 Nf6 3. c4 c6 4. e3 a6 5. Nc3 Bf5 6. Be2 e6 7. Nh4 Bg6 8. Nxg6
hxg6 9. Qb3 Ra7 10. Bf3 b5 11. cxd5 cxd5 12. Bd2 Bd6 13. h3 Nc6 14. O-O O-O 15.
Ne2 Qe7 16. Nc1 Nd7 17. Nd3 Nb6 18. Rfc1 Nc4 19. Be1 Rc8 20. Qd1 Rac7 21. b3
Nb6 22. Nc5 Bxc5 23. Rxc5 Nd7 24. Rcc1 Qa3 25. Bd2 Nb4 26. Rxc7 Rxc7 27. Bxb4
Qxb4 28. Rc1 1/2-1/2

[Event "XXXIII Memorial Edoardo Crespi Magistrale"]
[Site "Milano ITA"]
[Date "2012.12.04"]
[Round "4"]
[White "Agrifoglio, Fabio"]
[Black "Cattaneo, Marco"]
[WhiteElo "1984"]
[BlackElo "2049"]
[Result "0-1"]
[PlyCount "50"]
[EventDate "2012.12.01"]

1. d4 Nf6 2. c4 g6 3. Nc3 Bg7 4. e4 d6 5. Nf3 O-O 6. Be3 e5 7. h3 exd4 8. Nxd4
Re8 9. Qc2 Nc6 10. Nxc6 bxc6 11. Be2 Qe7 12. Bf3 Nd7 13. O-O Ne5 14. Be2 c5 15.
Nd5 Qd8 16. Rad1 Nc6 17. Bf3 Rb8 18. b3 Nd4 19. Bxd4 Bxd4 20. Qd2 c6 21. Ne3
Qh4 22. Nc2 Be5 23. Bg4 Bxg4 24. f4 Bxd1 25. fxe5 Bxc2 0-1

[Event "XXXIII Memorial Edoardo Crespi Magistrale"]
[Site "Milano ITA"]
[Date "2012.12.04"]
[Round "4"]
[White "Brunello, Sabino"]
[Black "Cani, Gazmir"]
[WhiteElo "2583"]
[BlackElo "2147"]
[Result "1-0"]
[PlyCount "63"]
[EventDate "2012.12.01"]

1. d4 Nf6 2. c4 g6 3. Nc3 d5 4. Bg5 Bg7 5. e3 O-O 6. Bxf6 Bxf6 7. cxd5 c5 8.
dxc6 bxc6 9. Bc4 Nd7 10. Nge2 Rb8 11. Bb3 e5 12. O-O Ba6 13. Ne4 exd4 14. exd4
Bg7 15. Re1 Qb6 16. Rc1 Rbd8 17. Qc2 Bxe2 18. Rxe2 Bxd4 19. Qxc6 Qxc6 20. Rxc6
Ne5 21. Rc1 Kg7 22. Rd1 Bb6 23. Nd6 Nc6 24. Red2 Bc7 25. g3 Na5 26. Ba4 Rb8 27.
b3 Bb6 28. b4 Nb7 29. Nc4 Bd8 30. Ne5 Rc8 31. Rd7 Bc7 32. Nc6 1-0

[Event "XXXIII Memorial Edoardo Crespi Magistrale"]
[Site "Milano ITA"]
[Date "2012.12.04"]
[Round "4"]
[White "Cazzaniga, Walter"]
[Black "Esposito, Luca"]
[WhiteElo "2146"]
[BlackElo "2299"]
[Result "0-1"]
[PlyCount "154"]
[EventDate "2012.12.01"]

1. d4 Nf6 2. c4 c5 3. d5 e6 4. Nc3 exd5 5. cxd5 d6 6. Nf3 g6 7. e4 a6 8. a4 Bg4
9. Be2 Bxf3 10. Bxf3 Nbd7 11. O-O Bg7 12. Bf4 Qe7 13. Re1 Ne5 14. Be2 O-O 15.
Qd2 Nfd7 16. Be3 Nb6 17. b3 h5 18. h3 Rac8 19. Rac1 Ned7 20. a5 Na8 21. Bf1 Nc7
22. f3 Bf6 23. Nb1 Nb5 24. Bxb5 axb5 25. Na3 b4 26. Nc4 Ra8 27. Bf4 Ne5 28.
Bxe5 Bxe5 29. f4 Bd4+ 30. Kh2 Rad8 31. Qd3 Rfe8 32. Qf3 Qf6 33. Re2 Re7 34. Rf1
h4 35. Kh1 Kg7 36. e5 dxe5 37. d6 Re6 38. Qxb7 exf4 39. Rxe6 Qxe6 40. Qf3 g5
41. Qd1 Re8 42. a6 Ra8 43. Re1 Qf5 44. Qg4 Qxg4 45. hxg4 Rxa6 46. d7 Bf6 47.
Rd1 Bd8 48. Rd5 f6 49. Kg1 Rc6 50. Kf2 Kf7 51. Kf3 Ke7 52. Ke4 Ke6 53. Rd2 Rc7
54. Rd6+ Ke7 55. Rd5 Rxd7 56. Rxc5 Kf7 57. Rb5 Be7 58. Rb8 Rd1 59. Rb7 Re1+ 60.
Kf5 Re6 61. Ra7 Rc6 62. Rd7 Rc5+ 63. Ke4 Ke6 64. Rd3 Rc6 65. Kf3 Ra6 66. Rd2
Ra1 67. Re2+ Kf7 68. Rd2 Rb1 69. Rd3 Rf1+ 70. Ke2 Rg1 71. Kf3 Bc5 72. Rd2 Rb1
73. Rd3 Rf1+ 74. Ke4 Rf2 75. Kf5 Rxg2 76. Rd7+ Ke8 77. Rd3 Be7 0-1

[Event "XXXIII Memorial Edoardo Crespi Magistrale"]
[Site "Milano ITA"]
[Date "2012.12.04"]
[Round "4"]
[White "Coppola, Federico"]
[Black "Van Den Bersselaar, Jeroen"]
[WhiteElo "1940"]
[BlackElo "2176"]
[Result "0-1"]
[PlyCount "46"]
[EventDate "2012.12.01"]

1. e4 c6 2. d4 d5 3. f3 e6 4. Nc3 Bb4 5. Bd2 Ne7 6. a3 Ba5 7. e5 Nf5 8. Nce2
Ne3 9. Qc1 Nxf1 10. Kxf1 Bxd2 11. Qxd2 b6 12. g3 Ba6 13. Kg2 O-O 14. f4 c5 15.
c3 Nc6 16. Nf3 Na5 17. Rae1 Qd7 18. g4 Nc4 19. Qc1 Qb5 20. b4 Qa4 21. Ng3 Nxa3
22. h4 cxb4 23. cxb4 Rfc8 0-1

[Event "XXXIII Memorial Edoardo Crespi Magistrale"]
[Site "Milano ITA"]
[Date "2012.12.04"]
[Round "4"]
[White "Formento, Paolo"]
[Black "Bemporad, Filippo"]
[WhiteElo "2167"]
[BlackElo "2046"]
[Result "1-0"]
[PlyCount "135"]
[EventDate "2012.12.01"]

1. e4 c5 2. Nf3 d6 3. d4 cxd4 4. Nxd4 Nf6 5. Nc3 e6 6. g4 h6 7. Rg1 Be7 8. Be3
Nc6 9. h4 Nh7 10. Nf3 a6 11. g5 hxg5 12. hxg5 Nf8 13. Qd2 Bd7 14. Nd4 Qc7 15.
f4 Ng6 16. O-O-O O-O-O 17. Qf2 Kb8 18. Ndb5 axb5 19. Bb6 Qc8 20. Nxb5 Rdg8 21.
Bc7+ Qxc7 22. Nxc7 Kxc7 23. Rg3 Rb8 24. f5 Nge5 25. f6 gxf6 26. gxf6 Bf8 27.
Bb5 Rh4 28. Qg2 Rf4 29. Rf1 Rh4 30. c3 Rh6 31. Kb1 Rh4 32. Rh3 Rg4 33. Qh1 Ra8
34. Be2 Rg6 35. Rh8 Na5 36. b3 Bc6 37. Rh7 Rg3 38. Bh5 Re3 39. Re1 Bxe4+ 40.
Qxe4 Rxe4 41. Rxe4 Rd8 42. Bxf7 Rd7 43. Bg8 Rxh7 44. Bxh7 Nac6 45. Bg8 Nd8 46.
c4 Nd7 47. Rf4 Bh6 48. Rf1 Bg5 49. f7 Be7 50. Kc2 Bf8 51. Kd3 Nc5+ 52. Ke3 e5
53. b4 Bh6+ 54. Ke2 Nce6 55. Kd3 Nf4+ 56. Ke4 Nde6 57. a4 Bg7 58. a5 Kc6 59.
Ra1 Nc7 60. b5+ Kc5 61. a6 bxa6 62. bxa6 Kb6 63. a7 Kb7 64. Bh7 Nfe6 65. Kf3
Bf8 66. Bf5 Nc5 67. Rb1+ Kxa7 68. Rg1 1-0

[Event "XXXIII Memorial Edoardo Crespi Magistrale"]
[Site "Milano ITA"]
[Date "2012.12.04"]
[Round "4"]
[White "Friedrichs, Klaus"]
[Black "Villa, Giorgio"]
[WhiteElo "2301"]
[BlackElo "1972"]
[Result "1-0"]
[PlyCount "123"]
[EventDate "2012.12.01"]

1. e4 c6 2. Nc3 d5 3. Qe2 dxe4 4. Nxe4 e6 5. d4 Nd7 6. Bf4 Ndf6 7. Ng3 Ne7 8.
O-O-O Ned5 9. Bd2 Be7 10. c4 Nb4 11. Qe1 c5 12. Kb1 O-O 13. Nf3 a5 14. Bc3 Bd7
15. dxc5 Bxc5 16. Ne5 Qe7 17. Nxd7 Nxd7 18. Be2 Nf6 19. Bf3 Rfd8 20. Qe2 Nc6
21. Ne4 Bd4 22. Nxf6+ Qxf6 23. Bxc6 bxc6 24. Rxd4 Rxd4 25. Bxd4 Qxd4 26. Rd1
Qb6 27. Qe3 Qc7 28. Qc5 Rd8 29. Rxd8+ Qxd8 30. Kc2 Qc7 31. g3 g6 32. a3 a4 33.
b4 axb3+ 34. Kxb3 Qb7+ 35. Kc2 Qa6 36. Kb3 Qb7+ 37. Kc2 Qa6 38. h4 Qa4+ 39. Kd2
h5 40. Qb4 Qa7 41. c5 e5 42. a4 e4 43. Ke3 Qa6 44. Qxe4 Qa5 45. Qd4 Qe1+ 46.
Kf3 Qh1+ 47. Kf4 Qc1+ 48. Kf3 Qh1+ 49. Ke2 Qc1 50. a5 Qb1 51. Kf3 Qh1+ 52. Ke2
Qb1 53. Kf3 Qh1+ 54. Kf4 Qc1+ 55. Ke5 Qe1+ 56. Kd6 Qxa5 57. Kxc6 Qa6+ 58. Kd7
Qb7+ 59. Kd6 Qa6+ 60. c6 Qc8 61. c7 Qa6+ 62. Kd7 1-0

[Event "XXXIII Memorial Edoardo Crespi Magistrale"]
[Site "Milano ITA"]
[Date "2012.12.04"]
[Round "4"]
[White "Gongalov, Bojan"]
[Black "Massironi, Marco"]
[WhiteElo "2116"]
[BlackElo "2214"]
[Result "1/2-1/2"]
[PlyCount "40"]
[EventDate "2012.12.01"]

1. Nf3 Nf6 2. g3 g6 3. Bg2 Bg7 4. O-O d5 5. c4 c6 6. d4 O-O 7. Ne5 Bf5 8. Nc3
Ne4 9. cxd5 cxd5 10. Qb3 Nc6 11. Qxd5 Nxc3 12. bxc3 Qxd5 13. Bxd5 Nxe5 14. dxe5
Bxe5 15. Bh6 Rfd8 16. e4 Bh3 17. Rfc1 Rac8 18. Bxb7 Rxc3 19. Rab1 Rxc1+ 20.
Rxc1 Bb2 1/2-1/2

[Event "XXXIII Memorial Edoardo Crespi Magistrale"]
[Site "Milano ITA"]
[Date "2012.12.04"]
[Round "4"]
[White "Gori, Andrea"]
[Black "Jara, Erik"]
[WhiteElo "2095"]
[BlackElo "2173"]
[Result "0-1"]
[PlyCount "118"]
[EventDate "2012.12.01"]

1. e4 c5 2. Nc3 e6 3. f4 a6 4. Nf3 Nc6 5. d3 Nge7 6. g3 d6 7. Bg2 g6 8. O-O Bg7
9. Kh1 O-O 10. Ne2 Bd7 11. Rb1 Rc8 12. Be3 Qc7 13. g4 f5 14. h3 b6 15. a3 a5
16. Qe1 Rce8 17. Qh4 Nd4 18. Nexd4 cxd4 19. Nxd4 e5 20. fxe5 dxe5 21. Nf3 f4
22. Bg1 Qxc2 23. Bxb6 Qxd3 24. Rbd1 Qb5 25. Bxa5 Bc6 26. Bb4 Qb7 27. Rfe1 h6
28. Ng1 g5 29. Qf2 Rf7 30. Bf3 Ng6 31. Kh2 Nh4 32. Be2 Kh7 33. Nf3 Ng6 34. h4
gxh4 35. Nxh4 Nxh4 36. Qxh4 f3 37. Bc4 Rf4 38. Qh5 f2 39. Rf1 Bd7 40. Bf7 Rc8
41. Rd6 Rxg4 42. Bg6+ Kh8 43. Bd2 Qb3 44. Bc3 Rg5 45. Qh4 Bb5 46. Qh3 Rf8 47.
Bf5 Rgxf5 48. exf5 Bxf1 49. Qxf1 Rxf5 50. Rg6 Qf7 51. Rg3 Qh5+ 52. Kg2 Qh4 53.
Bd2 Rh5 54. Be3 Qh2+ 55. Kf3 Rf5+ 56. Ke4 Qxg3 57. Kxf5 Qxe3 58. Qb5 Qf4+ 59.
Ke6 Qf6+ 0-1

[Event "XXXIII Memorial Edoardo Crespi Magistrale"]
[Site "Milano ITA"]
[Date "2012.12.04"]
[Round "4"]
[White "Iturbide Arnedo, Oscar"]
[Black "Damia, Angelo"]
[WhiteElo "2132"]
[BlackElo "2281"]
[Result "1/2-1/2"]
[PlyCount "73"]
[EventDate "2012.12.01"]

1. d4 Nf6 2. Bg5 c6 3. Bxf6 exf6 4. e3 d5 5. g3 h5 6. h4 Qb6 7. b3 Bf5 8. Bd3
Be4 9. Bxe4 dxe4 10. Nd2 Bb4 11. Ne2 Qa5 12. a3 Bxd2+ 13. Qxd2 Qf5 14. O-O-O
Nd7 15. d5 Qe5 16. Kb1 cxd5 17. Qxd5 Qxd5 18. Rxd5 O-O-O 19. Nc3 Ne5 20. Rhd1
Rxd5 21. Rxd5 Rd8 22. Rc5+ Kb8 23. Nxe4 b6 24. Rc3 Ng4 25. f4 Rc8 26. Rd3 Re8
27. Nc3 Rxe3 28. Rxe3 Nxe3 29. Kc1 Kc7 30. Ne2 Kd6 31. Kd2 Nf1+ 32. Kd3 f5 33.
c4 g6 34. Kc3 Kd7 35. Kd3 Kd6 36. Kc3 Kd7 37. Kd3 1/2-1/2

[Event "XXXIII Memorial Edoardo Crespi Magistrale"]
[Site "Milano ITA"]
[Date "2012.12.04"]
[Round "4"]
[White "Iudicello, Giovanni"]
[Black "Novelli, Cristiano"]
[WhiteElo "2149"]
[BlackElo "2051"]
[Result "1/2-1/2"]
[PlyCount "48"]
[EventDate "2012.12.01"]

1. Nf3 d6 2. g3 e5 3. d3 Nc6 4. Bg2 Be7 5. e4 Be6 6. Be3 Qd7 7. h3 f5 8. Nc3
O-O-O 9. Ng5 Bxg5 10. Bxg5 Rf8 11. exf5 Rxf5 12. Be3 Rf8 13. Qd2 Nge7 14. O-O-O
Nf5 15. Nd5 Nfd4 16. f4 exf4 17. Nxf4 Re8 18. Kb1 Bxa2+ 19. Kxa2 Rxe3 20. Bxc6
Qxc6 21. c3 g5 22. Qxe3 Qa4+ 23. Kb1 Qc2+ 24. Ka1 Qa4+ 1/2-1/2

[Event "XXXIII Memorial Edoardo Crespi Magistrale"]
[Site "Milano ITA"]
[Date "2012.12.04"]
[Round "4"]
[White "Lapiccirella, Daniele"]
[Black "Bentivegna, Francesco"]
[WhiteElo "2210"]
[BlackElo "2335"]
[Result "0-1"]
[PlyCount "80"]
[EventDate "2012.12.01"]

1. d4 d5 2. c4 e6 3. Nc3 c5 4. cxd5 cxd4 5. Qxd4 Nc6 6. Qd1 exd5 7. Qxd5 Bd7 8.
Nf3 Nf6 9. Qb3 Be6 10. Qc2 Rc8 11. e3 a6 12. Be2 b5 13. a3 Bd6 14. O-O O-O 15.
Rd1 Qe7 16. Nd4 Bb8 17. Nxe6 Qxe6 18. Bd2 Ne5 19. Be1 h5 20. Qd2 Nc4 21. Bxc4
Rxc4 22. Qe2 Re8 23. Qf3 Be5 24. Rab1 g6 25. Nd5 Ne4 26. b3 Ng5 27. Qe2 Rc5 28.
Nb4 Bb8 29. Nd3 Rf5 30. b4 Nf3+ 31. Kh1 Nxh2 32. Nc5 Qf6 33. g3 Nf3 34. Nd7 Qg5
35. Kg2 Qg4 36. Qb2 Be5 37. Nxe5 Nxe5 38. Qd4 Qf3+ 39. Kg1 h4 40. e4 h3 0-1

[Event "XXXIII Memorial Edoardo Crespi Magistrale"]
[Site "Milano ITA"]
[Date "2012.12.04"]
[Round "4"]
[White "Lavorgna, Giovanni"]
[Black "Facchetti, Gianni"]
[WhiteElo "2035"]
[BlackElo "2102"]
[Result "1-0"]
[PlyCount "63"]
[EventDate "2012.12.01"]

1. e4 e5 2. Bc4 d6 3. Nf3 Be7 4. O-O Nf6 5. d3 O-O 6. c3 c6 7. Nbd2 Qc7 8. Re1
Nbd7 9. Nf1 b5 10. Bb3 a5 11. Ng3 a4 12. Bc2 Ne8 13. d4 g6 14. Bh6 Ng7 15. b3
a3 16. Qd2 Nb6 17. Rad1 Bg4 18. Qe2 Rfd8 19. h3 Bxf3 20. Qxf3 Bf8 21. Nf1 Qe7
22. g3 Ne6 23. Bxf8 Kxf8 24. h4 Kg7 25. Ne3 f6 26. Kg2 h5 27. d5 cxd5 28. exd5
Nf8 29. g4 hxg4 30. Qxg4 Kg8 31. h5 g5 32. f4 1-0

[Event "XXXIII Memorial Edoardo Crespi Magistrale"]
[Site "Milano ITA"]
[Date "2012.12.04"]
[Round "4"]
[White "Mirzoev, Azer"]
[Black "Vezzosi, Paolo"]
[WhiteElo "2553"]
[BlackElo "2307"]
[Result "1-0"]
[PlyCount "51"]
[EventDate "2012.12.01"]

1. d4 d5 2. c4 dxc4 3. Nf3 Nf6 4. e3 a6 5. Bxc4 b5 6. Bd3 Bb7 7. a4 b4 8. Qe2
e6 9. O-O Be7 10. Nbd2 O-O 11. e4 c5 12. dxc5 Nfd7 13. Nb3 Nxc5 14. Nxc5 Bxc5
15. e5 Bxf3 16. Qxf3 Nd7 17. Qe2 Qa5 18. Bf4 Ra7 19. Rfd1 Rb8 20. h4 b3 21. h5
Qb4 22. g3 Qb7 23. Rac1 Rc8 24. Rc3 Bb4 25. Rxc8+ Qxc8 26. Qe4 1-0

[Event "XXXIII Memorial Edoardo Crespi Magistrale"]
[Site "Milano ITA"]
[Date "2012.12.04"]
[Round "4"]
[White "Moroni, Luca Jr"]
[Black "Stella, Andrea"]
[WhiteElo "2114"]
[BlackElo "2453"]
[Result "0-1"]
[PlyCount "66"]
[EventDate "2012.12.01"]

1. Nf3 Nf6 2. c4 g6 3. b3 Bg7 4. Bb2 O-O 5. g3 d5 6. cxd5 Qxd5 7. Bg2 c6 8. O-O
Qh5 9. Re1 Bh3 10. Bh1 Rd8 11. d3 Nbd7 12. Nbd2 Nb6 13. Qc2 Nfd7 14. Bxg7 Kxg7
15. Qb2+ Kg8 16. Nc4 a5 17. Nxb6 Nxb6 18. a3 Nd5 19. Qe5 Qxe5 20. Nxe5 Nc3 21.
Bf3 Be6 22. Nc4 Nb5 23. b4 axb4 24. axb4 Nd4 25. Rxa8 Rxa8 26. Na5 Nxf3+ 27.
exf3 c5 28. Nxb7 cxb4 29. Rb1 Bd5 30. Nc5 Bxf3 31. Kf1 Ra2 32. Nb3 Be2+ 33. Ke1
Bxd3 0-1

[Event "XXXIII Memorial Edoardo Crespi Magistrale"]
[Site "Milano ITA"]
[Date "2012.12.04"]
[Round "4"]
[White "Nannelli, Paolo"]
[Black "Loehnhardt, Benjamin"]
[WhiteElo "2230"]
[BlackElo "2073"]
[Result "1-0"]
[PlyCount "85"]
[EventDate "2012.12.01"]

1. d4 e6 2. Nf3 b6 3. Bf4 Bb7 4. e3 Nf6 5. Nbd2 Ne4 6. Nxe4 Bxe4 7. Bd3 Bxd3 8.
Qxd3 Be7 9. O-O-O d6 10. e4 Nd7 11. h4 Nf6 12. Bg5 Ng4 13. Qe2 Nf6 14. Bxf6
Bxf6 15. e5 Be7 16. d5 exd5 17. exd6 Qxd6 18. Rhe1 c6 19. Kb1 Rc8 20. Nd4 Rc7
21. Nf5 Qf6 22. Qd3 O-O 23. g4 Bc5 24. g5 Qd8 25. Qg3 Rd7 26. h5 Qb8 27. Qg4
Qd8 28. b4 Be7 29. h6 g6 30. Qd4 f6 31. Re6 c5 32. Qe3 Rf7 33. Nxe7+ Rdxe7 34.
gxf6 Rxe6 35. Qxe6 d4 36. bxc5 bxc5 37. Qc4 Qf8 38. Re1 Kh8 39. Qb5 Qxh6 40.
Re8+ Rf8 41. Qb8 Kg8 42. Qb3+ Kh8 43. Qf7 1-0

[Event "XXXIII Memorial Edoardo Crespi Magistrale"]
[Site "Milano ITA"]
[Date "2012.12.04"]
[Round "4"]
[White "Napoli, Nicolo'"]
[Black "Astengo, Corrado"]
[WhiteElo "2296"]
[BlackElo "2164"]
[Result "1-0"]
[PlyCount "53"]
[EventDate "2012.12.01"]

1. c4 c6 2. Nf3 d5 3. d4 e6 4. Nc3 Nf6 5. e3 Nbd7 6. Qc2 Bd6 7. Bd3 dxc4 8.
Bxc4 b5 9. Bd3 Bb7 10. a3 a6 11. Ne4 Nxe4 12. Bxe4 Rc8 13. b4 Nf6 14. Bd2 Nxe4
15. Qxe4 Qe7 16. Qg4 O-O 17. O-O f5 18. Qg5 Rf6 19. Ne5 c5 20. bxc5 Rxc5 21.
Bb4 Qc7 22. Bxc5 Bxe5 23. g3 Bxg3 24. hxg3 Rh6 25. f3 Rg6 26. Qf4 Rxg3+ 27. Kh2
1-0

[Event "XXXIII Memorial Edoardo Crespi Magistrale"]
[Site "Milano ITA"]
[Date "2012.12.04"]
[Round "4"]
[White "Pelizzola, Danilo"]
[Black "Lapiccirella, Mattia"]
[WhiteElo "2062"]
[BlackElo "2197"]
[Result "0-1"]
[PlyCount "80"]
[EventDate "2012.12.01"]

1. e4 c5 2. Nf3 Nc6 3. d4 cxd4 4. Nxd4 Nf6 5. Nc3 d6 6. Be2 e6 7. Be3 Be7 8.
Qd2 O-O 9. O-O a6 10. f4 Bd7 11. Bf3 Qc7 12. Nb3 b5 13. a3 Rfd8 14. Qf2 Rab8
15. a4 b4 16. Ne2 a5 17. g4 e5 18. f5 d5 19. g5 Nxe4 20. Bxe4 dxe4 21. f6 Bd6
22. Qh4 Nd4 23. Nbxd4 exd4 24. Nxd4 g6 25. Bf4 Qc5 26. Be3 Qc7 27. Rad1 h5 28.
gxh6 Kh7 29. b3 Re8 30. Rd2 Re5 31. Nb5 Bxb5 32. axb5 Rbxb5 33. Rff2 Bc5 34.
Qg3 Bxe3 35. Qxe3 Rbc5 36. Rde2 Qd6 37. Rf4 Rg5+ 38. Kf2 Qd1 39. Rxe4 Qg1+ 40.
Kf3 Qh1+ 0-1